000 00343nam a2200145Ia 4500
008 191201s2012 xx 000 0 und d
082 _a658.15
_bSHF
100 _aSHARAN, Vyuptakesh
245 0 _aFundamental of Finance Management
250 _aIMP
260 _aN. Delhi
_bPearson
_c2012
300 _a502
650 _aBBA
942 _2ddc
_cBK
999 _c4764
_d4764